=LDR 00000nam 2200000 4500 =001 INLIS000000000050597 =005 20200311085933 =035 ##$$a 0010-0517000250 =007 ta =008 200311################g##########0#ind## =020 ##$$a 978-602-1135-00-6 =082 ##$$a 297.14 =084 ##$$a 297.14 JAU b =100 #$$a Jauzi, Ibnul =245 1#$$a Be A Winner : $b Petuah-Petuah Untuk Para Pemenang /$c Ibnul Jauzi; Penerjemah, Marsuni; Penyunting owen putra Lc. MA =250 ##$$a Cet.1 =260 ##$$a Jakarta :$b Khatulistiwa Press,$c 2014 =300 ##$$a Xvii, 563 hlm ; $c 15,5 x 24, 5 cm =650 #4$$a FIQIH =500 ##$$a Judul asli : Shaidul khathir =990 ##$$a 31700934 =990 ##$$a 31700933